1000 plus grands footballeurs de tous les temps (Les)
<< Retourner aux résultats de la recherche
| Titre : | 1000 plus grands footballeurs de tous les temps (Les) |
|---|---|
| Support : | Livres |
| Langue : | Francais |
| Publié : |
2015 Terres éditions Riom (Puy-de-Dôme) |
| Genre : |
Documentaire |
| Collection : |
Les 1.000 |
| Sujets : | |
| Étiquettes : |
Pas de tags
|
| LEADER | 00972nam0a2200241 450 | ||
|---|---|---|---|
| 001 | 16867709 | ||
| 010 | |a 978-2-35530-229-9 |b rel. |d 29,9 | ||
| 100 | |a 20150306d2015 u u0frey01 ba | ||
| 101 | 0 | |a fre | |
| 102 | |a FR | ||
| 200 | 0 | |a 1000 plus grands footballeurs de tous les temps (Les) | |
| 207 | 1 | |a | |
| 210 | |a Riom (Puy-de-Dôme) |c Terres éditions |d 2015 | ||
| 215 | |a 1 vol. (336 p.) |c illustrations en couleur |d 31 x 23 cm | ||
| 225 | 1 | |a Les 1.000 | |
| 300 | |a Coup de coeur | ||
| 330 | |a Classés par ordre alphabétique, les 1.000 joueurs qui ont marqué l'histoire du football à travers leurs parcours, leurs évolutions et leurs réussites. Au sommaire notamment : Pelé, Messi, Maradona, Beckenbauer, Platini ou Zidane. | ||
| 606 | 0 | |a Football | |
| 606 | 0 | |a Joueurs de football | |
| 676 | |a 796.334 | ||
| 900 | |a Documentaire | ||
| 901 | |a Adultes | ||
| 995 | |a Médiathèque |c Médiathèque |f 00156008087835 |h 00156008087835 |k 796.334 MIL |o p |q a |r az |e Médiathèque | ||